000 00528nam a2200205Ia 4500
005 20250425160931.0
008 250425s9999 xx 000 0 und d
020 _a0849330033
041 _aeng
082 _a544.9202
100 _aZWEIG, GUNTER
245 0 _aCRC HANDBOOK OF CHROMATOGRAPHY: GENERAL DATA AND PRINCIPLES (VOLUME II)
250 _a7TH ED.
260 _aBOCA RATON
260 _aEstados Unidos
_bCRC PRESS
_c1972
300 _a343
650 _aANALISIS CROMATOGRAFICO
942 _c01
010 _a8713
999 _c199148
_d199148